Tips and tricks on C programming : (Record no. 92192)

MARC details
000 -LEADER
fixed length control field 00599nam a22001937a 4500
005 - DATE AND TIME OF LATEST TRANSACTION
control field 20171118150847.0
010 ## - LCCN (DPL NO)
LC control number ENG-112355
020 ## - INTERNATIONAL STANDARD BOOK NUMBER
International Standard Book Number 9789325971585
Terms of availability 110.00
035 ## - SYSTEM CONTROL NUMBER
System control number EN-95887
037 ## - SOURCE OF ACQUISITION
Source of stock number/acquisition DBAD/PUB
082 ## - DEWEY DECIMAL CLASSIFICATION NUMBER
Classification number 005.133
100 ## - MAIN ENTRY--PERSONAL NAME
Personal name Rout, Susant K.
245 ## - TITLE STATEMENT
Title Tips and tricks on C programming :
Statement of responsibility, etc by Susant K Rout
Remainder of title a quick guide on how to crack interviews /
250 ## - EDITION STATEMENT
Edition statement 2nd ed
260 ## - PUBLICATION, DISTRIBUTION, ETC. (IMPRINT)
Place of publication, distribution, etc Noida (UP)
Name of publisher, distributor, etc Vikas Publishing House
Date of publication, distribution, etc 2015(repr.)
270 ## - ADDRESS
Address E-28, Sector-8,
City Noida
Postal code 201301
300 ## - PHYSICAL DESCRIPTION
Extent xv,120p.
Dimensions 21cm(pbk)
942 ## - ADDED ENTRY ELEMENTS (KOHA)
Source of classification or shelving scheme Dewey Decimal Classification
Item type English Books
Call number suffix ROU
Classification part 005.133
Holdings
Withdrawn status Lost status Not for loan Collection code Home library Current library Date acquired Source of acquisition Cost, normal purchase price Full call number Barcode Copy number Cost, replacement price Koha item type
    Not For Loan Non-fiction D.B.Act.Division Bawana 11/03/2015 DBAD/PUB 110.00 005.133 ROU EN-95887 1 110.00 English Books

© Delhi Public Library
Hit Counter
free hit counter